[Event "ch-FRA Blitz Online Qual"]
[Site "Europe-Chess INT"]
[Date "2020.05.16"]
[Round "9"]
[White "Courjal, Juliette"]
[Black "Hsu, Victor"]
[Result "0-1"]
[WhiteElo "1388"]
[BlackElo "1476"]
[WhiteFideId "45147833"]
[BlackFideId "551034107"]
[EventDate "2020.05.16"]

1. e4 e6 2. d4 d5 3. Be3 dxe4 4. f3 exf3 5. Nxf3 c5 6. c3 Nc6 7. Bb5 Ne7 8. O-O
cxd4 9. cxd4 Qb6 10. Bxc6+ Qxc6 11. Nc3 Nf5 12. Qd2 Bb4 13. a3 Bd6 14. Rac1 b6
15. Rfe1 Bb7 16. Bf4 O-O 17. Ne4 Qd7 18. g4 Bxf4 19. Qxf4 Nxd4 20. g5 Ba6 21.
Rcd1 Ne2+ 22. Rxe2 Qa4 23. Red2 Qb3 24. Ne5 f5 25. gxf6 gxf6 26. Qg4+ Kh8 27.
Qxe6 Qxe6 28. Rd7 Qxe5 29. Ng3 Qe6 30. Rc7 Bb5 31. Rf1 Bxf1 32. Kxf1 Rfe8 33.
Kg1 Qe1+ 34. Kg2 Qe2+ 35. Kh3 Qe6+ 36. Kh4 Rec8 37. Rxh7+ Kxh7 38. Nh5 Qe4+ 39.
Kh3 Qf3+ 40. Kh4 Qxh5+ 41. Kxh5 Rc5+ 42. Kg4 f5+ 43. Kf4 Kg6 44. Kf3 Rd8 45. Kf4
Rd4+ 46. Ke3 Rh4 47. b4 Rxh2 48. Kd4 Rcc2 49. b5 f4 50. a4 f3 51. a5 f2 52. axb6
f1=Q 53. bxa7 Ra2 54. a8=Q Rxa8 55. Kc5 Rb8 56. b6 Rxb6 57. Kd4 Qb1 58. Kd5 Rd2+
59. Ke5 Qe1+ 60. Kf4 Rf6+ 61. Kg4 Rg2+ 62. Kh3 Qh1# 0-1

[Event "ch-FRA Blitz Online Qual"]
[Site "Europe-Chess INT"]
[Date "2020.05.16"]
[Round "9"]
[White "Barrera, Armando"]
[Black "Brunet-Moret, Leopold"]
[Result "0-1"]
[WhiteElo "1486"]
[BlackElo "1109"]
[WhiteFideId "551036657"]
[BlackFideId "551078201"]
[EventDate "2020.05.16"]

1. d4 c5 2. d5 d6 3. c4 e6 4. Nc3 Nf6 5. e4 e5 6. Bg5 Be7 7. Bxf6 Bxf6 8. Nf3
Bg4 9. Bd3 O-O 10. O-O g6 11. Re1 Re8 12. Bc2 Nd7 13. Qd3 Nb6 14. Nd2 Bg7 15. f3
Bd7 16. a4 Nc8 17. a5 b6 18. a6 Ne7 19. Ba4 Bxa4 20. Rxa4 Kh8 21. Nb5 Ng8 22. b4
Nf6 23. bxc5 bxc5 24. Nb3 Qb6 25. Na5 Qxa6 26. Rea1 Qc8 27. Nc6 a6 28. Nxd6 Qd7
29. Nxe8 Qxe8 30. Qa3 Qc8 31. Nxe5 Nxe4 32. Nxf7+ Kg8 33. fxe4 Bxa1 34. Nh6+ Kg7
35. Ng4 Bd4+ 36. Ne3 Qb7 37. Qc1 Qb3 38. Ra3 Qb4 39. Kh1 Bb2 40. Ra4 Bxc1 41.
Rxb4 cxb4 42. Nc2 b3 0-1

[Event "ch-FRA Blitz Online Qual"]
[Site "Europe-Chess INT"]
[Date "2020.05.16"]
[Round "9"]
[White "Rafalimanana, Hary"]
[Black "Drieu, Hugo"]
[Result "1-0"]
[WhiteElo "1238"]
[BlackElo "1425"]
[WhiteFideId "551039257"]
[BlackFideId "45170738"]
[EventDate "2020.05.16"]

1. e4 e5 2. Nf3 Nc6 3. Bc4 Bc5 4. b4 Bxb4 5. O-O Nf6 6. c3 Bc5 7. d4 Bd6 8. Bg5
O-O 9. Nbd2 h6 10. Bxf6 Qxf6 11. Nb3 Re8 12. Bd3 a5 13. Bc2 a4 14. Nc1 Ba3 15.
Ne2 Bb2 16. Rb1 a3 17. Bb3 exd4 18. cxd4 Rxe4 19. Ng3 Re8 20. Re1 Rxe1+ 21. Qxe1
Qe7 22. Qd2 d6 23. Re1 Be6 24. d5 Qf6 25. dxe6 Bc3 26. exf7+ Kh7 27. Qd3+ Kh8
28. Re8+ 1-0

[Event "ch-FRA Blitz Online Qual"]
[Site "Europe-Chess INT"]
[Date "2020.05.16"]
[Round "9"]
[White "Inventar, Alexandre"]
[Black "Rigaud-Retourne, Mael"]
[Result "1/2-1/2"]
[WhiteElo "1437"]
[BlackElo "1103"]
[WhiteFideId "36054100"]
[BlackFideId "45167478"]
[EventDate "2020.05.16"]

1. e4 e5 2. Bc4 Nf6 3. d4 Nc6 4. d5 Ne7 5. Nc3 c6 6. d6 Ng6 7. Nf3 b5 8. Bb3 Bb7
9. Bg5 Nf4 10. O-O g6 11. Qd2 Bg7 12. Bxf4 exf4 13. Qxf4 O-O 14. Qh4 c5 15. Ng5
h6 16. Nf3 Nxe4 17. Nxe4 Qxh4 18. Nxh4 Bxe4 19. Rfe1 c4 20. Bxc4 bxc4 21. Rxe4
Bxb2 22. Rb1 c3 23. Re7 Rad8 24. Nf3 Rfe8 25. Rbe1 Kf8 26. R1e2 Ba3 27. R2e3
Bxd6 28. Rxe8+ Rxe8 29. Rxc3 Bb4 30. Rc7 Rb8 31. Rxd7 Bd6 32. g3 Rb1+ 33. Kg2
Bc5 34. Ne5 Ra1 35. Rxf7+ Kg8 36. Rf6 Rxa2 37. Rxg6+ Kh7 38. Rc6 Rxc2 39. Nd7
Rxf2+ 40. Kh3 Be7 41. Rc7 Rf7 42. Ne5 Rg7 43. Nc6 Bd6 44. Rxg7+ Kxg7 45. Nxa7
Kg6 46. Nb5 Be5 47. Kg4 h5+ 48. Kf3 Kg5 49. Na3 h4 50. gxh4+ Kxh4 51. Kg2 Bxh2 1/2-1/2

[Event "ch-FRA Blitz Online Qual"]
[Site "Europe-Chess INT"]
[Date "2020.05.16"]
[Round "9"]
[White "Droulout, Paul"]
[Black "Giblin, Martin"]
[Result "1-0"]
[WhiteElo "1176"]
[BlackElo "1428"]
[WhiteFideId "45109770"]
[BlackFideId "45187053"]
[EventDate "2020.05.16"]

1. e4 c5 2. Nf3 e6 3. d4 cxd4 4. Nxd4 Nf6 5. Nc3 d6 6. Be3 Be7 7. f3 O-O 8. Qd2
Nc6 9. O-O-O a6 10. g4 e5 11. Nde2 b5 12. g5 Nd7 13. Nd5 Qa5 14. Nxe7+ Kh8 15.
Nxc6 Qxa2 16. Qxd6 Qa1+ 17. Kd2 Qxb2 18. Bh3 Bb7 19. Bxd7 Bxc6 20. Bxc6 Rfd8 21.
Bd7 Ra7 22. Bxa7 b4 23. Bb6 Rg8 24. Rb1 Qa3 25. Qxb4 Qxf3 26. Qb3 Qxe4 27. Qd3
Qg2 28. Rhf1 Qxg5+ 29. Qe3 Qe7 30. Qd3 Qg5+ 31. Kd1 Rf8 32. Bc5 Rg8 33. Rxf7 Qg2
34. Kd2 Qxh2 35. Be6 Qh6+ 36. Qe3 Qxe6 37. Re7 Qd5+ 38. Ke1 Qc6 39. Qxe5 Qg6 40.
Bd4 Qg2 41. Kd2 Qh3 42. Rxg7 1-0

[Event "ch-FRA Blitz Online Qual"]
[Site "Europe-Chess INT"]
[Date "2020.05.16"]
[Round "9"]
[White "Vanneste, Axel"]
[Black "Lequang, Enzo"]
[Result "1-0"]
[WhiteElo "1413"]
[BlackElo "1068"]
[WhiteFideId "36020192"]
[BlackFideId "551052911"]
[EventDate "2020.05.16"]

1. e4 e5 2. Bc4 Nf6 3. d4 exd4 4. Nf3 Nc6 5. O-O Bc5 6. e5 Ng4 7. h3 Ngxe5 8.
Re1 d6 9. Bf4 O-O 10. Nxe5 dxe5 11. Bxe5 Nxe5 12. Rxe5 Bb6 13. Rd5 Qf6 14. Nd2
Be6 15. Rh5 Bxc4 16. Nxc4 d3 17. Nxb6 dxc2 18. Qxc2 g6 19. Nxa8 gxh5 20. Nxc7
Rc8 21. Rc1 Qc6 22. Qxc6 bxc6 23. Na6 Kf8 24. Nb4 c5 25. a3 Ke7 26. Nd5+ Kd6 27.
Nf4 h4 28. Nh5 Kd5 29. Nf6+ Kd4 30. Nxh7 Kd3 31. f3 c4 32. Rc3+ Kd2 33. Kf2 Kd1
34. Ng5 f6 35. Ne4 f5 36. Nd6 Rc6 37. Nxc4 f4 38. Ne5 Rxc3 39. bxc3 Kc2 40. Ng6
Kxc3 41. Nxf4 Kb3 42. Ng6 Kxa3 43. Nxh4 Kb2 44. Nf5 a5 45. Ke3 a4 46. Kd2 a3 47.
Nd4 a2 48. Nc2 a1=Q 49. Nxa1 Kxa1 50. h4 Kb2 51. h5 Kb3 52. h6 Kc4 53. h7 Kd5
54. h8=Q Kc5 55. Qe5+ Kb4 56. Qc3+ Kb5 57. Kd3 Kb6 58. Kd4 Kb7 59. Kd5 Kb8 60.
Qg7 Kc8 61. Kc6 Kd8 62. Qd7# 1-0

[Event "ch-FRA Blitz Online Qual"]
[Site "Europe-Chess INT"]
[Date "2020.05.16"]
[Round "9"]
[White "Villevieille, Theo"]
[Black "Chevillon, Celia"]
[Result "1-0"]
[WhiteElo "1109"]
[BlackElo "1433"]
[WhiteFideId "45177970"]
[BlackFideId "45107459"]
[EventDate "2020.05.16"]

1. e4 e5 2. Nf3 Nc6 3. Bc4 Bc5 4. b4 Bxb4 5. c3 Bc5 6. d4 exd4 7. O-O dxc3 8.
Bxf7+ Kxf7 9. Qd5+ Ke8 10. Qxc5 Qe7 11. Qxc3 d6 12. Ba3 Bd7 13. e5 Kd8 14. exd6
cxd6 15. Nbd2 Nf6 16. Rfe1 Qf7 17. Bxd6 Qd5 18. Be7+ Kc8 19. Ba3 a6 20. Nb3 Kb8
21. Nc5 Bg4 22. Qb2 b5 23. Rad1 Qf7 24. Qc3 Bxf3 25. Qxf3 Rc8 26. Rd7 Qf8 27.
Rb7# 1-0

[Event "ch-FRA Blitz Online Qual"]
[Site "Europe-Chess INT"]
[Date "2020.05.16"]
[Round "9"]
[White "Migus, Ethan"]
[Black "Eric Andriana, Fitia"]
[Result "0-1"]
[WhiteElo "1084"]
[BlackElo "1401"]
[WhiteFideId "551047594"]
[BlackFideId "36094366"]
[EventDate "2020.05.16"]

1. e4 e5 2. Nf3 Nc6 3. Bc4 Be7 4. Nc3 d6 5. h3 Nf6 6. d4 exd4 7. Nxd4 O-O 8.
Nxc6 bxc6 9. Bg5 Bb7 10. Bxf6 Bxf6 11. Qd2 Qe7 12. f3 Rad8 13. O-O-O d5 14. exd5
cxd5 15. Bb5 a6 16. Ba4 c5 17. Rhe1 Qc7 18. b3 Be5 19. Re2 Bf4 20. Re3 d4 21.
Rde1 dxe3 22. Qe2 Rd2 23. Qf1 e2 24. Rxe2 Rxe2+ 25. Kb2 Rd2 26. Qe1 Rfd8 27. a3
Be5 28. Ka2 Bxc3 29. Qc1 Rd1 30. Qxd1 Rxd1 31. b4 cxb4 32. Kb3 bxa3 33. Kxa3
Qc5+ 34. Kb3 Qb4+ 35. Ka2 Qb2# 0-1

[Event "ch-FRA Blitz Online Qual"]
[Site "Europe-Chess INT"]
[Date "2020.05.16"]
[Round "9"]
[White "Gusev, Mickael"]
[Black "Daunay, Gabriel"]
[Result "0-1"]
[WhiteElo "1032"]
[BlackElo "1701"]
[WhiteFideId "551081997"]
[BlackFideId "45103321"]
[EventDate "2020.05.16"]

1. e4 e5 2. Nf3 Nc6 3. Bc4 Nf6 4. Nc3 Be7 5. O-O O-O 6. d3 d6 7. Re1 h6 8. h3
Nh7 9. Be3 Ng5 10. Qe2 Na5 11. b3 Nxc4 12. bxc4 Be6 13. Rad1 Nxf3+ 14. Qxf3 f5
15. Qe2 fxe4 16. Nxe4 Qd7 17. c3 Qa4 18. d4 Bxc4 19. Qg4 exd4 20. Bxh6 Rf7 21.
Ng5 Bxg5 22. Qxg5 Kh8 23. Rxd4 Qxa2 24. Rf4 gxh6 25. Qxh6+ Rh7 26. Qf6+ Rg7 27.
Rh4+ Kg8 28. Kh2 Rf8 29. Qh6 Qxf2 30. Qh8+ Kf7 31. Qh5+ Kf6 32. Qf3+ Qxf3 33.
gxf3 Kf7 34. Rxc4 Kg8 35. Rh4 c6 36. Ree4 d5 37. Reg4 Rxg4 38. Rxg4+ Kf7 39. Ra4
Ke6 40. Rxa7 Rxf3 41. Ra3 Kd6 42. Rb3 b5 43. Ra3 Kc5 44. Rb3 Kc4 45. Ra3 Rxc3
46. Rxc3+ Kxc3 47. h4 b4 48. h5 b3 49. h6 b2 50. h7 b1=Q 51. h8=Q+ Kc4 52. Qh4+
Qe4 53. Qf2 Qe5+ 54. Kg1 Qd4 55. Kf1 Qxf2+ 56. Kxf2 Kd3 57. Ke1 Kc2 58. Ke2 d4
59. Ke1 d3 60. Kf1 d2 61. Kf2 d1=Q 62. Ke3 Qg4 63. Kf2 Qe4 64. Kg3 Qf5 65. Kg2
Qf4 66. Kh3 Qg5 67. Kh2 Kd2 68. Kh3 Ke2 69. Kh2 Kf2 70. Kh1 Qg1# 0-1

[Event "ch-FRA Blitz Online Qual"]
[Site "Europe-Chess INT"]
[Date "2020.05.16"]
[Round "9"]
[White "Gilles, Francois"]
[Black "Molines, Martin"]
[Result "1-0"]
[WhiteElo "1637"]
[BlackElo "1033"]
[WhiteFideId "654663"]
[BlackFideId "45191298"]
[EventDate "2020.05.16"]

1. d4 d5 2. c4 c6 3. Nc3 Nf6 4. Nf3 Bg4 5. Qb3 e6 6. cxd5 exd5 7. Qxb7 Nbd7 8.
Qxc6 Rc8 9. Qa4 Bxf3 10. exf3 Qb6 11. Bb5 Rc7 12. O-O Be7 13. Bf4 Rb7 14. Be5
Qe6 15. Bc6 Rb6 16. Bxd7+ Qxd7 17. Qxd7+ Kxd7 18. Bxf6 Bxf6 19. Nxd5 Rd6 20.
Nxf6+ Rxf6 21. Rad1 Rb6 22. Rd2 Rd8 23. b3 Ke8 24. Re1+ Kf8 25. g3 Rbd6 26. Red1
Kg8 27. f4 f6 28. Kg2 h6 29. Kf3 g5 30. fxg5 hxg5 31. Kg4 Kh7 32. Kf5 Rf8 33. d5
Re8 34. f4 gxf4 35. gxf4 Rg8 36. Re1 Rg7 37. Re6 Rxe6 38. dxe6 Rg6 39. e7 Rg8
40. Rd7 Re8 41. Kxf6 Kg8 42. Rd8 1-0

[Event "ch-FRA Blitz Online Qual"]
[Site "Europe-Chess INT"]
[Date "2020.05.16"]
[Round "9"]
[White "Nomel, Mathis"]
[Black "Cocogne, Ludovic"]
[Result "1-0"]
[WhiteElo "1262"]
[BlackElo "1924"]
[WhiteFideId "36054399"]
[BlackFideId "644536"]
[EventDate "2020.05.16"]

1. d4 Nf6 2. Nf3 g6 3. e3 Bg7 4. c4 d6 5. Nc3 O-O 6. Be2 c5 7. d5 a6 8. a4 Bg4
9. h3 Bxf3 10. Bxf3 Nbd7 11. O-O Ne5 12. e4 Nxc4 13. b3 Ne5 14. Be3 Nxf3+ 15.
Qxf3 Nd7 16. Rac1 Ne5 17. Qe2 Rb8 18. f4 Nd7 19. Qd2 b5 20. axb5 axb5 21. f5 b4
22. Ne2 Ne5 23. Bh6 Qb6 24. Kh1 Qb5 25. Bxg7 Kxg7 26. Ng3 c4 27. fxg6 hxg6 28.
Qg5 f6 29. Nf5+ Kf7 30. Nh6+ Kg7 31. Nf5+ Kf7 32. Nxd6+ exd6 33. Qxf6+ Kg8 34.
Qe6+ Kg7 35. Qe7+ Rf7 36. Qxd6 Rxf1+ 37. Rxf1 Nf7 38. Qe6 Qb7 39. h4 cxb3 40. h5 1-0

[Event "ch-FRA Blitz Online Qual"]
[Site "Europe-Chess INT"]
[Date "2020.05.16"]
[Round "9"]
[White "Mallevaey, Armand"]
[Black "Courcelle, Victor"]
[Result "1-0"]
[WhiteElo "1773"]
[BlackElo "1314"]
[WhiteFideId "36041424"]
[BlackFideId "45177392"]
[EventDate "2020.05.16"]

1. e4 c5 2. d4 cxd4 3. c3 Nf6 4. e5 Nd5 5. Nf3 e6 6. cxd4 Be7 7. a3 O-O 8. Bd3
Nc6 9. O-O Re8 10. Nbd2 d6 11. Nc4 dxe5 12. dxe5 Qc7 13. Bg5 Bxg5 14. Nxg5 h6
15. Nd6 Re7 16. Nf3 Nxe5 17. Nxe5 Qxd6 18. Nc4 Qd8 19. Qf3 Nf6 20. Rfd1 Rd7 21.
Rac1 b6 22. Qxa8 Bb7 23. Qxd8+ Rxd8 24. Bh7+ Kxh7 25. Rxd8 Ba6 26. Nd6 Nd5 27.
Ra8 Nf6 28. Nxf7 Bb7 29. Rxa7 Bd5 30. Ne5 Nh5 31. Ra6 Nf4 32. Kf1 Nxg2 33. Nd7
Nf4 34. Nxb6 Nd3 35. Rd1 Be4 36. Nc4 Nf4 37. Rd4 Bd3+ 38. Rxd3 Nxd3 39. b4 Nf4
40. Ne5 g5 41. Ra7+ Kg8 42. b5 Nd5 43. a4 Kf8 44. a5 Ke8 45. b6 Nxb6 46. axb6
Kd8 47. Ra1 Kc8 48. Rb1 Kb7 49. Nd7 e5 50. Nc5+ Kb8 51. b7 e4 52. Nd7+ Kc7 53.
b8=Q+ Kxd7 54. Rb6 Ke7 55. Qa7+ Kd8 56. Rb8# 1-0

[Event "ch-FRA Blitz Online Qual"]
[Site "Europe-Chess INT"]
[Date "2020.05.16"]
[Round "9"]
[White "Farthouat, Titoine"]
[Black "Gheorghin, Felix"]
[Result "1-0"]
[WhiteElo "1652"]
[BlackElo "1310"]
[WhiteFideId "36015660"]
[BlackFideId "651027240"]
[EventDate "2020.05.16"]

1. e4 c5 2. Nf3 d6 3. d4 cxd4 4. Nxd4 Nf6 5. Nc3 a6 6. f4 e6 7. Be3 Be7 8. Be2
b5 9. O-O b4 10. Na4 Nxe4 11. Bf3 Bb7 12. Nb3 d5 13. Nb6 Ra7 14. Nxd5 Nc5 15.
Nxe7 Nxb3 16. Qxd8+ Kxd8 17. axb3 Bxf3 18. Bxa7 Kxe7 19. Bxb8 Bxg2 20. Kxg2 Rxb8
21. Rxa6 Rc8 22. Ra7+ Ke8 23. Rf2 Rd8 24. Kf3 Rc8 25. Rb7 Rd8 26. Rxb4 Rc8 27.
Rd2 Rc7 28. Rc4 Rb7 29. b4 Rb8 30. c3 Rb7 31. Rd6 Rb8 32. Rdc6 Kd8 33. b5 Rxb5
34. Rc8+ Kd7 35. R4c7+ Kd6 36. Rxf7 Rxb2 37. Rd8+ Kc5 38. Rc7+ Kb5 39. Rb8+ Ka6
40. Rxb2 Ka5 41. Rc8 Ka6 42. Ra8# 1-0

[Event "ch-FRA Blitz Online Qual"]
[Site "Europe-Chess INT"]
[Date "2020.05.16"]
[Round "9"]
[White "Benlatreche, Farid"]
[Black "Ngomane, Max"]
[Result "1-0"]
[WhiteElo "1416"]
[BlackElo "1278"]
[WhiteFideId "551081474"]
[BlackFideId "651049791"]
[EventDate "2020.05.16"]

1. d4 c5 2. c3 e6 3. f4 a6 4. e3 b5 5. Nf3 Bb7 6. Bd3 cxd4 7. exd4 Nc6 8. O-O
Nf6 9. Ne5 Be7 10. g4 O-O 11. g5 Nxe5 12. gxf6 Nf3+ 13. Qxf3 Bxf3 14. fxe7 Qxe7
15. Rxf3 Qh4 16. Rg3 f5 17. Be3 Rf6 18. Nd2 Rg6 19. Bf2 Rxg3+ 20. Bxg3 Qg4 21.
Re1 h5 22. Be2 Qg6 23. Nf3 d6 24. Kh1 Qe8 25. Ng5 e5 26. fxe5 dxe5 27. Bxe5 Rd8
28. Bd1 Qc6+ 29. Bf3 Qc4 30. Bxh5 Qxa2 31. Bf7+ Qxf7 32. Nxf7 Kxf7 33. Bc7 Rd7
34. Bb6 g6 35. Bc5 f4 36. Rf1 g5 37. Kg2 Ke6 38. Re1+ Kd5 39. Re5+ Kc4 40. Rxg5
Kb3 41. Rf5 Kxb2 42. Rxf4 Kxc3 43. h4 a5 44. h5 a4 45. h6 a3 46. Bxa3 Rh7 47.
Bf8 b4 48. d5 b3 49. Rb4 b2 50. Rb8 Kc2 51. Bg7 b1=Q 52. Rxb1 Kxb1 53. d6 Kc2
54. d7 Kd3 55. d8=Q+ Ke4 56. Qg8 Rxg7+ 57. hxg7 Kf5 58. Qf8+ Kg6 59. g8=Q+ Kh5
60. Qf5+ Kh6 61. Qgg6# 1-0

[Event "ch-FRA Blitz Online Qual"]
[Site "Europe-Chess INT"]
[Date "2020.05.16"]
[Round "9"]
[White "Colette, Thierry"]
[Black "Ninin, Gabriel"]
[Result "0-1"]
[WhiteElo "1411"]
[BlackElo "1426"]
[WhiteFideId "36056758"]
[BlackFideId "45169756"]
[EventDate "2020.05.16"]

1. e4 d5 2. exd5 Nf6 3. d4 Bg4 4. Be2 Bxe2 5. Nxe2 Qxd5 6. O-O Nc6 7. Be3 O-O-O
8. Nbc3 Qf5 9. Ng3 Qg6 10. Nb5 a6 11. Nc3 e5 12. Qe2 exd4 13. Bf4 dxc3 14. Qe3
Bd6 15. Bxd6 Rxd6 16. Qxc3 Ne4 17. Nxe4 Qxe4 18. Rfe1 Qd4 19. Qh3+ Kb8 20. Re3
Qd1+ 21. Re1 Qxc2 22. g3 Rhd8 23. Qxh7 Rd2 24. Qxc2 Rxc2 25. b3 Rdd2 26. Re8+
Ka7 27. Rf1 Rxa2 28. Rf8 Ne5 29. Rg8 Nf3+ 30. Kg2 Ng5 31. Rxg7 Ne4 32. Rxf7 Kb6
33. b4 Rab2 34. b5 Rxb5 35. Rf4 Nd6 0-1

[Event "ch-FRA Blitz Online Qual"]
[Site "Europe-Chess INT"]
[Date "2020.05.16"]
[Round "9"]
[White "Fernandez, Maylis"]
[Black "Barbaggi, Sasha"]
[Result "1-0"]
[WhiteElo "1165"]
[BlackElo "1375"]
[WhiteFideId "45148511"]
[BlackFideId "551018780"]
[EventDate "2020.05.16"]

1. e4 e6 2. f4 d5 3. Nc3 dxe4 4. Nxe4 Nf6 5. Nxf6+ Qxf6 6. g3 Qd4 7. d3 Qd5 8.
Qf3 Qxf3 9. Nxf3 Bd7 10. Be3 Bc6 11. Bg2 Bd6 12. O-O-O O-O 13. Rhg1 Bd5 14. Ne5
Bxg2 15. Rxg2 Bxe5 16. fxe5 Nc6 17. d4 Nb4 18. Kb1 Rad8 19. a3 Na6 20. Rgd2 f6
21. Bf4 fxe5 22. Bxe5 c5 23. dxc5 Rxd2 24. Rxd2 Nxc5 25. Bd4 Ne4 26. Re2 Rf1+
27. Ka2 Nf6 28. Rxe6 Rh1 29. h4 Rh2 30. Bxf6 gxf6 31. Rxf6 Rxc2 32. Rd6 b6 33.
Rd7 a5 34. Rb7 Rg2 35. Rxb6 Rxg3 36. Ra6 Rh3 37. Rxa5 Rxh4 38. Rf5 h5 39. b4
Rh2+ 40. Kb3 h4 41. Rh5 h3 42. a4 Rh1 43. a5 h2 44. Kb2 Kg7 45. b5 Kg6 46. Rh8
Kg5 47. b6 Kg4 48. b7 Kg3 49. b8=Q+ Kg2 50. Rg8+ Kf3 51. Qb7+ Kf2 52. Qxh1 Ke3
53. Qxh2 Kd4 54. Qh3 Ke5 55. Rg4 Kd6 56. Qh5 Ke6 57. Rg6+ Kf7 58. Qh7+ Ke8 59.
Rg8# 1-0

[Event "ch-FRA Blitz Online Qual"]
[Site "Europe-Chess INT"]
[Date "2020.05.16"]
[Round "9"]
[White "Pineau, Patrick"]
[Black "De Nave, Julien"]
[Result "1-0"]
[WhiteElo "1349"]
[BlackElo "1177"]
[WhiteFideId "20673329"]
[BlackFideId "45188360"]
[EventDate "2020.05.16"]

1. d4 Nf6 2. c4 g6 3. Nc3 d5 4. Nf3 Bg7 5. Bg5 Ne4 6. Qc2 Nxg5 7. Nxg5 Bxd4 8.
Nxd5 Bf6 9. Nxf6+ exf6 10. Rd1 Qe7 11. Nf3 Bf5 12. Qa4+ Bd7 13. Qb3 b6 14. e3
Nc6 15. Bd3 Na5 16. Qc3 Bc6 17. O-O Bxf3 18. gxf3 O-O 19. Be4 Rad8 20. Rxd8 Qxd8
21. Qc2 Qd7 22. Rd1 Qe6 23. Bd5 Qe7 24. a3 c6 25. Be4 Nxc4 26. Qxc4 f5 27. Bb1
Qg5+ 28. Kh1 c5 29. Rg1 Qh5 30. Rg3 Rd8 31. Kg2 Rd1 32. Ba2 g5 33. h3 Kf8 34.
Qc3 Rg1+ 35. Kxg1 Qxf3 36. Kf1 Qd1+ 37. Kg2 Ke7 38. Rxg5 h6 39. Qe5+ Kd8 40.
Rxf5 Qg1+ 41. Kxg1 h5 42. Qd5+ Kc8 43. Rxf7 Kb8 44. Qd8# 1-0

[Event "ch-FRA Blitz Online Qual"]
[Site "Europe-Chess INT"]
[Date "2020.05.16"]
[Round "9"]
[White "Charousset, Donovan"]
[Black "Touat, Kais"]
[Result "0-1"]
[WhiteElo "1204"]
[BlackElo "1416"]
[WhiteFideId "45167699"]
[BlackFideId "45136815"]
[EventDate "2020.05.16"]

1. e4 e5 2. Nf3 Nc6 3. Bc4 Bc5 4. d3 Nf6 5. Nc3 h6 6. Be3 Bb6 7. d4 exd4 8. Nxd4
Nxd4 9. Bxd4 d6 10. Nd5 Nxd5 11. Bxd5 Qg5 12. g3 O-O 13. Bxb6 axb6 14. Qd2 Qe5
15. Qc3 Qe7 16. Rd1 c6 17. Bb3 Qxe4+ 18. Kd2 Bg4 19. Rde1 Qf5 20. Qd3 Qxf2+ 21.
Kc1 Qc5 22. Re4 Bf5 0-1

[Event "ch-FRA Blitz Online Qual"]
[Site "Europe-Chess INT"]
[Date "2020.05.16"]
[Round "9"]
[White "Guillou, Paul"]
[Black "Monmaille, Eric"]
[Result "0-1"]
[WhiteElo "1157"]
[BlackElo "1400"]
[WhiteFideId "551031140"]
[BlackFideId "26064529"]
[EventDate "2020.05.16"]

1. d4 c5 2. c4 cxd4 3. Qxd4 Nf6 4. Nf3 g6 5. Nc3 Bg7 6. Bf4 d6 7. Bg3 O-O 8. e3
Qa5 9. Be2 Nh5 10. Qd2 Nxg3 11. hxg3 Bf5 12. Ng5 h5 13. g4 Bxc3 14. bxc3 Bxg4
15. e4 Bxe2 16. Kxe2 Nd7 17. Rh2 Qe5 18. Rh4 Rac8 19. Nf3 Qf6 20. Rah1 Rxc4 21.
e5 Nxe5 22. Nxe5 Qxe5+ 23. Kd3 Qd5+ 24. Rd4 Rxd4+ 25. cxd4 Qxg2 26. Re1 Qh3+ 27.
Re3 Qf5+ 28. Re4 d5 0-1

[Event "ch-FRA Blitz Online Qual"]
[Site "Europe-Chess INT"]
[Date "2020.05.16"]
[Round "9"]
[White "Thibous, Mathis"]
[Black "Lebrun, Mathieu"]
[Result "1-0"]
[WhiteElo "1313"]
[BlackElo "1177"]
[WhiteFideId "45163014"]
[BlackFideId "36094099"]
[EventDate "2020.05.16"]

1. d4 d5 2. c4 e6 3. Nc3 Nf6 4. Nf3 b6 5. g3 c5 6. dxc5 Bxc5 7. cxd5 exd5 8. Bg2
Bb7 9. O-O h6 10. Bf4 Nbd7 11. e3 O-O 12. Nb5 Ne8 13. Re1 Bc6 14. Nbd4 Bb7 15.
a3 Qf6 16. h4 Nd6 17. b4 Bxd4 18. Nxd4 a6 19. Rc1 Nc4 20. Rxc4 dxc4 21. Bxb7 Ra7
22. Bg2 Rd8 23. Nc6 Nf8 24. Nxd8 Qxd8 25. Qxd8 Rd7 26. Qxb6 Ng6 27. Qxa6 c3 28.
Qc8+ Nf8 29. Rc1 c2 30. Rxc2 Rd1+ 31. Kh2 Ra1 32. Bd6 Rxa3 33. Qxf8+ Kh7 34.
Be4+ g6 35. Qxf7+ Kh8 36. Be5# 1-0

[Event "ch-FRA Blitz Online Qual"]
[Site "Europe-Chess INT"]
[Date "2020.05.16"]
[Round "9"]
[White "Serieys, Philippe"]
[Black "Briguet, Remi"]
[Result "1-0"]
[WhiteElo "1210"]
[BlackElo "1160"]
[WhiteFideId "36092576"]
[BlackFideId "551081210"]
[EventDate "2020.05.16"]

1. e4 d5 2. exd5 Nf6 3. Nc3 c6 4. d3 cxd5 5. Nf3 d4 6. Ne2 Nc6 7. Ng3 Bg4 8. Be2
Bxf3 9. Bxf3 e5 10. O-O Bd6 11. Bg5 O-O 12. Nf5 h6 13. Nxd6 hxg5 14. Ne4 Nxe4
15. Bxe4 Nb4 16. a3 Nc6 17. Qg4 Qf6 18. Qh3 Qh6 19. Qg3 f5 20. Bd5+ Kh8 21. Bxc6
bxc6 22. Qxe5 1-0

[Event "ch-FRA Blitz Online Qual"]
[Site "Europe-Chess INT"]
[Date "2020.05.16"]
[Round "9"]
[White "Citores, Mathis"]
[Black "Fronius, Lino"]
[Result "0-1"]
[WhiteElo "1288"]
[BlackElo "1313"]
[WhiteFideId "45148350"]
[BlackFideId "36050083"]
[EventDate "2020.05.16"]

1. e4 e5 2. Nc3 Nf6 3. Nf3 Nc6 4. Bc4 Bc5 5. d3 d6 6. O-O Bg4 7. h3 Bh5 8. Be3
Bb6 9. Bxb6 axb6 10. d4 Nxd4 11. g4 Nxf3+ 12. Qxf3 Bg6 13. g5 Nh5 14. Nd5 c6 15.
Ne3 Qxg5+ 16. Qg4 Qf6 17. Nf5 Nf4 18. Rad1 Rd8 19. h4 h5 20. Qg5 Bxf5 21. exf5
Nh3+ 22. Kh1 Nxg5 23. hxg5 Qxg5 24. Rg1 Qf6 25. f4 Kd7 26. fxe5 Qxe5 27. Rge1
Qxf5 28. Bd3 Qh3+ 29. Kg1 Rde8 30. Rf1 f6 31. Bf5+ Qxf5 32. Rxf5 Re5 33. Rf2 Ra8
34. a3 Ke6 35. Rg2 g5 36. Rf1 Rf5 37. Re2+ Re5 38. Rh2 h4 39. Rhf2 Rf8 40. c4 h3
41. Kh2 g4 42. Kg3 f5 43. Kf4 Rg8 44. Rg1 Re4+ 45. Kg3 Re3+ 46. Kh2 g3+ 47. Rxg3
Rexg3 48. Re2+ Kf6 49. Rd2 Rg2+ 50. Rxg2 hxg2 51. Kg1 f4 52. b4 f3 53. a4 f2+
54. Kxf2 g1=Q+ 55. Ke2 Rg2+ 56. Kf3 Qf2+ 57. Ke4 Qf5+ 58. Ke3 Rg3+ 59. Ke2 Qc2+
60. Kf1 Ra3 61. b5 Ra1# 0-1

[Event "ch-FRA Blitz Online Qual"]
[Site "Europe-Chess INT"]
[Date "2020.05.16"]
[Round "9"]
[White "Bachy, Louis"]
[Black "Baudouin, Moise"]
[Result "1-0"]
[WhiteElo "1264"]
[BlackElo "1135"]
[WhiteFideId "45161178"]
[BlackFideId "45116369"]
[EventDate "2020.05.16"]

1. e4 e6 2. d4 Nc6 3. Nf3 d5 4. e5 Nge7 5. c3 b6 6. Bd3 Na5 7. O-O c5 8. a3 c4
9. Bc2 Ng8 10. Nbd2 f6 11. b4 Nc6 12. Nb3 a5 13. Nbd2 Qc7 14. Bb2 fxe5 15. dxe5
Nxe5 16. Nxe5 Qxe5 17. Re1 Qc7 18. Qh5+ g6 19. Qxd5 Ne7 20. Qxa8 Bh6 21. Ba4+
Kf7 22. Qf3+ Nf5 23. Nf1 Bb7 24. Qe2 1-0